000 00948nmm a2200301 a 4500
001 ocm0001703141
003 TR-IsHL
005 20201028170312.0
008 180107s2017 tu eng
007 cr cn
020 _a9786059496636
035 _a1703141
_b(N$T)
050 0 4 _aE176
_b.B35 2017
090 0 4 _aE176
_b.B35 2017
100 1 _aBaldwin, James
245 1 0 _aFour great Americans
_h[electronic resource] /
_cJames Baldwin
260 _aİstanbul :
_bE-Kitap Projesi & Cheapest Books ,
_c2017
300 _a225 p.
500 _aPictured -- Illustrated
_x
650 4 _aTarih
650 4 _aHistory
650 0 _aAmerika
_x Biyogrfi
650 0 _aUnited States
_x Biography
650 0 _aAmerika
_x Tarih
650 0 _aUnited States
_x History
650 7 _aLITERARY COLLECTIONS / American / General
_2bisacsh
856 4 0 _uhttp://search.ebscohost.com/login.aspx?direct=true&scope=site&db=e011xww&AN=1703141
999 _c16198
_d16198